| 000 | 00418nam a2200133Ia 4500 | ||
|---|---|---|---|
| 008 | 210210b2001 xxu||||| |||| 00| 0 eng d | ||
| 082 | _a780.954K BHAT | ||
| 100 | _aBHARATA-BHARATI SANGEETHA SEVA PRATHISHTANA (Nom). | ||
| 245 | _aThyagaraja yoga vaibhavam, Shree Thyagaraja vishwakosha samputa- 1. | ||
| 260 |
_aBengaluru. _bPrism Books Pvt, Ltd., _c2001 |
||
| 300 | _axxvi,283 | ||
| 690 | _aMusic | ||
| 906 | _a057279 | ||
| 999 |
_c104767 _d104767 |
||